Statistics for States That Have Voted Third Party the Most

Click here to take the quiz!

General Stats

  • This quiz has been taken 15 times
  • The average score is 30 of 33

Answer Stats

NumberMost Recent CandidateAnswer% Correct
3George Wallace (1968)Alabama
100%
4George Wallace (1968)Georgia
100%
1Teddy Roosevelt (1912)California
93%
1John Breckenridge (1860)Florida
93%
2John Bell (1860)Kentucky
93%
3George Wallace (1968)Louisiana
93%
1Teddy Roosevelt (1912)Minnesota
93%
3George Wallace (1968)Mississippi
93%
2George Washington (1792)New Hampshire
93%
2George Washington (1792)New Jersey
93%
1George Washington (1792)New York
93%
2John Breckenridge (1860)North Carolina
93%
1James Weaver (1892)North Dakota
93%
3Teddy Roosevelt (1912)Pennsylvania
93%
5Strom Thurmond (1948)South Carolina
93%
1Teddy Roosevelt (1912)South Dakota
93%
1John Bell (1860)Tennessee
93%
1John Breckenridge (1860)Texas
93%
3John Bell (1860)Virginia
93%
1Teddy Roosevelt (1912)Washington
93%
1Robert La Follette (1924)Wisconsin
93%
1James Weaver (1892)Colorado
86%
2George Washington (1792)Connecticut
86%
3John Breckenridge (1860)Delaware
86%
1James Weaver (1892)Idaho
86%
4John Breckenridge (1860)Maryland
86%
2George Washington (1792)Massachusetts
86%
1Teddy Roosevelt (1912)Michigan
86%
1George Washington (1792)Rhode Island
86%
2George Wallace (1968)Arkansas
79%
1James Weaver (1892)Kansas
79%
1James Weaver (1892)Nevada
79%
2William Wirt (1832)Vermont
79%

Score Distribution

Percentile by Number Answered

Percent of People with Each Score

Your Score History

You have not taken this quiz